Quiz Cultura Generale - Quiz n°17 - Statistics

Statistiche generali
  • Questo quiz è stato fatto 203 volte
  • Il punteggio medio è 7 su 15
Statistiche sulle risposte
Domanda Risposta % Corretto
Qual è stata la prima capitale del Regno d'Italia? Torino
97%
In quale mese del 44 a.C. è stato assassinato Gaio Giulio Cesare? Marzo
95%
Qual è il primo produttore agricolo di riso al mondo? Cina
83%
Chi ha scritto "Uno, nessuno, centomila"? Luigi Pirandello
80%
Qual è il più famoso cosmetico impiegato nel trucco degli occhi? Mascara
77%
Qual è il nome degli abitanti di Reggio Calabria? Reggini
63%
In quale regione si trovano le Valli di Comacchio? Emilia-Romagna
48%
Quale è la terapia fisica sostitutiva della funzionalità renale? Emodialisi
47%
In quale squadra di Club Daniele De Rossi ha concluso la sua carriera da calciatore? Boca Juniors
35%
Quale attrice è coprotagonista di Aldo, Giovanni e Giacomo in "Tre Uomini e una Gamba"? Marina Massironi
24%
Chi ha scolpito "Il ratto di Proserpina"? Gian Lorenzo Bernini
23%
Quale Santo si festeggia il 17 marzo? San Patrizio
19%
Chi è l'uccellino giallo e maldestro, amico di Snoopy? Woodstock
19%
Come sono detti i Vangeli riconosciuti dalla Chiesa? Canonici
15%
Qual è il nome del contenitore metallico tradizionalmente usato in Russia ed in altri paesi slavi per scaldare l'acqua e fare il tè? Samovar
14%
Nessun quiz corrispondente trovato
Distribuzione punteggi
Percentuale di utenti per punteggio
Percentile per numero di risposta
I tuoi punteggi nel tempo
Non hai fatto questo quiz